Healing at the borderland of medicine and religion/ (Record no. 11640)

MARC details
000 -LEADER
fixed length control field 00836 a2200217 4500
010 ## - LIBRARY OF CONGRESS CONTROL NUMBER
LC control number ENG-89702
020 ## - INTERNATIONAL STANDARD BOOK NUMBER
International Standard Book Number 8125032290
Terms of availability 345.00
035 ## - SYSTEM CONTROL NUMBER
System control number EN-73235
037 ## - SOURCE OF ACQUISITION
Source of stock number/acquisition DBAD / PUB
082 14 - DEWEY DECIMAL CLASSIFICATION NUMBER
Classification number 610
090 ## - LOCALLY ASSIGNED LC-TYPE CALL NUMBER (OCLC); LOCAL CALL NUMBER (OCLC)
-- 11994
-- 11994
100 1# - MAIN ENTRY--PERSONAL NAME
Personal name Cohen, Michael H.
245 1# - TITLE STATEMENT
Title Healing at the borderland of medicine and religion/
Statement of responsibility, etc by Michael M. Cohen
260 ## - PUBLICATION, DISTRIBUTION, ETC. (IMPRINT)
Place of publication, distribution, etc New Delhi
Name of publisher, distributor, etc Orient Longman,
Date of publication, distribution, etc 2007
270 ## - ADDRESS
Address 1/24, Asaf Ali Road,
City New Delhi
State or province Delhi
Postal code 110002
Electronic mail address delgeneal@orientlongman.com
300 ## - PHYSICAL DESCRIPTION
Extent xiii, 229p.
Dimensions 23 cm. (Pbk)
490 ## - SERIES STATEMENT
Series statement (New perspectives in South Asian history/ edited by Sanjoy Bhattacharya..[et.al]; 19)
500 ## - GENERAL NOTE
General note Includes bibliographical references & index.
942 ## - ADDED ENTRY ELEMENTS (KOHA)
Institution code [OBSOLETE] dpl
Koha item type English Books
Call number prefix 610 / COH
Holdings
Withdrawn status Lost status Source of classification or shelving scheme Damaged status Not for loan Collection code Home library Current library Source of acquisition Cost, normal purchase price Total Checkouts Full call number Barcode Date last seen Copy number Uniform Resource Identifier Cost, replacement price Price effective from Koha item type
    Dewey Decimal Classification   Not For Loan Non-fiction D.B.Act.Division D.B.Act.Division DBAD/PUB 345.00   610 COH EN-73235 15/09/2008 1 12754 345.00 15/09/2008 English Books

© Delhi Public Library
Hit Counter
free hit counter